Laying on of hands / (Record no. 5372)
[ view plain ]
| 000 -LEADER | |
|---|---|
| fixed length control field | 00638nam a2200217Ii 4500 |
| 001 - CONTROL NUMBER | |
| control field | 6845010 |
| 003 - CONTROL NUMBER IDENTIFIER | |
| control field | OSt |
| 005 - DATE AND TIME OF LATEST TRANSACTION | |
| control field | 20190103162036.0 |
| 008 - FIXED-LENGTH DATA ELEMENTS--GENERAL INFORMATION | |
| fixed length control field | 801021n flu 000 0 eng d |
| 040 ## - CATALOGING SOURCE | |
| Original cataloging agency | MOG |
| Transcribing agency | MOG |
| Modifying agency | m/c |
| -- | STU |
| 082 ## - DEWEY DECIMAL CLASSIFICATION NUMBER | |
| Classification number | 813 |
| Item number | P954L |
| 090 ## - LOCALLY ASSIGNED LC-TYPE CALL NUMBER (OCLC); LOCAL CALL NUMBER (RLIN) | |
| Classification number (OCLC) (R) ; Classification number, CALL (RLIN) (NR) | BV873.L3 |
| Local cutter number (OCLC) ; Book number/undivided call number, CALL (RLIN) | P73 |
| 100 1# - MAIN ENTRY--PERSONAL NAME | |
| Personal name | Prince, Derek. |
| 245 10 - TITLE STATEMENT | |
| Title | Laying on of hands / |
| Statement of responsibility, etc. | by Derek Prince. |
| 260 ## - PUBLICATION, DISTRIBUTION, ETC. | |
| Place of publication, distribution, etc. | Fort Lauderdale, Fla. : |
| Name of publisher, distributor, etc. | Derek Prince Publications, |
| Date of publication, distribution, etc. | [n.d.] |
| 300 ## - PHYSICAL DESCRIPTION | |
| Extent | 39 p. ; |
| Dimensions | 22 cm. |
| 490 1# - SERIES STATEMENT | |
| Series statement | The foundation series ; |
| Volume/sequential designation | bk. 5. |
| 650 #0 - SUBJECT ADDED ENTRY--TOPICAL TERM | |
| Topical term or geographic name entry element | Imposition of hands. |
| 800 1# - SERIES ADDED ENTRY--PERSONAL NAME | |
| Personal name | Asimov, Isaac, |
| Dates associated with a name | 1920-1992. |
| Title of a work | Foundation series ; |
| Volume/sequential designation | bk. 5. |
| 942 ## - ADDED ENTRY ELEMENTS (KOHA) | |
| Source of classification or shelving scheme | Dewey Decimal Classification |
| Koha item type | Books |
No items available.
